Can you name every Brawler in Brawl Stars ? - Statistics

General Stats
  • This quiz has been taken 26,315 times
  • The average score is 55 of 86
Answer Stats
Hint Answer % Correct
Rare Shelly
93%
Rare Colt
90%
Rare Nita
85%
Rare El Primo
84%
Rare Bull
83%
Rare Rosa
83%
Legendary Crow
81%
Legendary Spike
81%
Rare Barley
80%
Rare Brock
80%
Legendary Leon
80%
Rare Poco
79%
Mythic Mortis
76%
Super Rare Jessie
75%
Legendary Surge
75%
Epic Bo
74%
Super Rare Rico
74%
Legendary Amber
73%
Super Rare Dynamike
73%
Legendary Kenji
73%
Epic Edgar
72%
Legendary Kit
72%
Legendary Meg
72%
Epic Piper
72%
Epic Frank
71%
Super Rare Darryl
70%
Super Rare 8-Bit
69%
Legendary Chester
69%
Super Rare Gus
69%
Super Rare Penny
69%
Legendary Sandy
69%
Super Rare Tick
69%
Mythic Buzz
68%
Epic Emz
67%
Super Rare Jacky
67%
Epic Mandy
66%
Legendary Draco
65%
Mythic Tara
65%
Epic Bibi
64%
Super Rare Carl
64%
Epic Pam
64%
Legendary Cordelius
62%
Epic Stu
62%
Epic Belle
60%
Epic Hank
60%
Epic Bea
59%
Epic Gale
59%
Mythic Gene
59%
Epic Larry & Lawrie
59%
Epic Berry
58%
Mythic Byron
58%
Epic Colette
58%
Mythic Fang
58%
Mythic Max
58%
Epic Sam
58%
Epic Shade
58%
Mythic Janet
57%
Mythic Mr. P
57%
Epic Angelo
56%
Epic Bonnie
56%
Epic Griff
56%
Epic Grom
55%
Mythic Juju
55%
Mythic Lily
55%
Mythic Lou
55%
Epic Nani
55%
Mythic Buster
54%
Mythic Chuck
54%
Mythic Doug
54%
Mythic Melodie
54%
Mythic Mico
54%
Mythic Sprout
54%
Epic Ash
53%
Mythic Ruffs
53%
Mythic Willow
53%
Mythic Gray
52%
Epic Lola
52%
Epic Maisie
52%
Mythic Moe
52%
Mythic R-T
52%
Mythic Eve
51%
Mythic Otis
51%
Mythic Squeak
51%
Epic Pearl
50%
Mythic Charlie
49%
Mythic Clancy
49%
No matching quizzes found
Score Distribution
Percent of People with Each Score
Percentile by Number Answered
Your Score History
You have not taken this quiz